Camden LBC v ADC Estates Ltd (Record no. 28857)

MARC details
000 -LEADER
fixed length control field 01600cab a2200229 4500
001 - CONTROL NUMBER
control field ABS44143
008 - FIXED-LENGTH DATA ELEMENTS--GENERAL INFORMATION
fixed length control field 090401t1991 xxu||||| |||| 00| 0 eng d
035 ## - SYSTEM CONTROL NUMBER
System control number (Sirsi) u45525
041 ## - LANGUAGE CODE
Language code of text/sound track or separate title eng
245 ## - TITLE STATEMENT
Title Camden LBC v ADC Estates Ltd
260 ## - PUBLICATION, DISTRIBUTION, ETC.
Date of publication, distribution, etc. 1991
350 ## - PRICE (NR) (BK AM CF MU VM SE) [OBSOLETE]
Price 0
490 ## - SERIES STATEMENT
Series statement Property and Compensation Reports
Volume/sequential designation (1991) 61 PCR 48-56(5)
520 ## - SUMMARY, ETC.
Summary, etc. CA 15 June 1990. The respondent A applied to the council for planning permission to construct six flats in the roof space of a block of flats they already owned which was refused. The application was posted on 22 January 1985 and received on 25 January. An appeal to SoS against the refusal was dismissed. A claimed entitlement to compensation under Town and Country Planning Act 1971 s169 . The council disputed this. The matter was referred to LT and later to CA. CA was concerned with the date the application was made. New statutory provisions restricting the type of property for which compensation could be paid only affected planning applications made after 23 January 1985. If effective the new provisions would cover the type of building in question and there would be no entitlement to compensation. The council claimed that the application was made on the date it was posted. CA held that the date on which an application is made is the earliest moment when the application is received b
650 ## - SUBJECT ADDED ENTRY--TOPICAL TERM
Topical term or geographic name entry element APPLICATION DATE
650 ## - SUBJECT ADDED ENTRY--TOPICAL TERM
Topical term or geographic name entry element CASE LAW
650 ## - SUBJECT ADDED ENTRY--TOPICAL TERM
Topical term or geographic name entry element POSTING DATE
650 ## - SUBJECT ADDED ENTRY--TOPICAL TERM
Topical term or geographic name entry element TOWN AND COUNTRY PLANNING COMPENSATION ACT 1985
690 ## - LOCAL SUBJECT ADDED ENTRY--TOPICAL TERM (OCLC, RLIN)
Topical term or geographic name as entry element PLANNING LAW AND PRACTICE-CASE LAW
942 ## - ADDED ENTRY ELEMENTS (KOHA)
Suppress in OPAC 0
948 ## - LOCAL PROCESSING INFORMATION (OCLC); SERIES PART DESIGNATOR (RLIN)
c (OCLC) 04/03/1997
Holdings
Withdrawn status Lost status Source of classification or shelving scheme Damaged status Not for loan Home library Current library Shelving location Date acquired Total Checkouts Full call number Barcode Date last seen Copy number Price effective from Koha item type
    Dewey Decimal Classification     London London Journal article 14/09/1999   ABS44143 45525-1001 06/08/2019 1 06/08/2019 Law report